| 000 | 00990nam a2200277 a 4500 | ||
|---|---|---|---|
| 001 | 000005790 | ||
| 005 | 20200929151803.0 | ||
| 008 | 890308s1986 uy b f000 0 spa | ||
| 010 | _a89120348 | ||
| 040 |
_aDO-SdBNP _cDLC _dDLC |
||
| 082 |
_aU861.1 _bH632o |
||
| 100 | 1 |
_aHidalgo, Bartolomé, _d1788-1822. _916377 |
|
| 240 | 1 | 0 |
_aWorks _f1986 |
| 245 | 1 | 0 |
_aObra completa / _cBartolomé Hidalgo ; prólogo de Antonio Praderio. |
| 260 |
_aMontevideo : _bMinisterio de Educación y Cultura, _c1986. |
||
| 300 |
_alxxxiii, 162 p. ; _c20 cm. |
||
| 490 | 1 |
_aBiblioteca Artigas _vvol. 170 |
|
| 490 | 1 |
_aClásicos uruguayos _vvol. 170 |
|
| 504 | _aIncluye referencia bibliográficas | ||
| 650 | 4 |
_aPoesía uruguaya _93846 |
|
| 650 | 4 |
_aLiteratura uruguaya _93054 |
|
| 650 | 4 |
_aGauchos en la literatura _xPoesía _916378 |
|
| 651 | 4 |
_aUruguay _xHistoria _y1810-1830 _xPoesía _916379 |
|
| 830 | 0 |
_aBiblioteca Artigas _pClásicos uruguayos ; _vv. 170. _916276 |
|
| 910 | _aCatalogación por copia / LC | ||
| 999 |
_c5586 _d5586 |
||